Ecrivez le plus rapidement ces lettres ! - Statistiques

Statistiques générales
  • Ce quiz a été pris 407 fois
  • Le résultat moyen est 14 sur 15
Statistiques - réponses
Hint Réponse % Correct
a a
100%
d d
97%
u u
97%
u u
97%
b b
95%
i i
94%
p p
94%
w w
94%
j j
93%
y y
91%
h h
87%
k k
87%
c c
82%
e e
80%
x x
74%
Aucun quiz correspondant
Distribution des résultats
% des personnes avec chaque résultat
Percentile par nombre de réponses
Votre historique - résultats
Vous n’avez pas pris ce quiz